00365nam a2200121 i 4500001000300000100001900003245004700022260001900069040000800088041000800096008004100104856009800145bg1 aSINICIN, V. I. 0aRadioaktyvnyj kobalt Co60 /cV.I. Sinicin. aMoskva,c1967. cBPK apol s pl f |000 0 pol  uhttp://koha.tu.koszalin.pl/cgi-bin/koha/opac-detail.pl?biblionumber=12790yKatalog online BPK